Music Quiz

Random Music or Classical Quiz

Criteria: Musical Instruments Quiz Stats

 Plays Quiz not verified by Sporcle

Support Sporcle.
Go Orange.
Score 0/12 Timer 06:00
0 Plays Today
% Correct
???
100%
???
90.2%
???
68.6%
???
50.9%
???
40.9%
???
34.5%
???
28.4%
???
26.8%
???
24.7%
???
20.6%
???
19.4%
???
19.4%

You're not logged in!

Compare scores with friends on all Sporcle quizzes.
OR
Log In

From the Vault

Words By Origin 7-to-1

by samc67

So basically English is just a hodgepodge of other languages.
Remove Ads.
Support Sporcle.
Get the best of Sporcle when you Go Orange. This ad-free experience offers more features, more stats, and more fun while also helping to support Sporcle. Thank you for becoming a member.

Show Comments

Extras

Top Quizzes Today


Score Distribution

Your Account Isn't Verified!

In order to create a playlist on Sporcle, you need to verify the email address you used during registration. Go to your Sporcle Settings to finish the process.

Report this User

Report this user for behavior that violates our Community Guidelines.

Details: